Minecraft Creative Inventory: Functional Blocks - Statistics

General Stats
  • This quiz has been taken 91 times
    83 since last reset
  • The average score is 120 of 225
Answer Stats
Answer % Correct
Chest
90%
Crafting Table
90%
Blast Furnace
86%
Furnace
86%
Smoker
86%
Barrel
76%
Ender Chest
76%
Lectern
76%
Brewing Stand
71%
Campfire
71%
Cartography Table
71%
Fletching Table
71%
Smithing Table
71%
Anvil
67%
Chiseled Bookshelf
67%
Composter
67%
Lantern
67%
Loom
67%
Painting (Albanian)
67%
Painting (Backyard)
67%
Painting (Baroque)
67%
Painting (Bonjour Monsieur Courbet)
67%
Painting (Bouquet)
67%
Painting (Bust)
67%
Painting (Cavebird)
67%
Painting (Changing)
67%
Painting (Cotán)
67%
Painting (Creebet)
67%
Painting (de_aztec)
67%
Painting (Endboss)
67%
Painting (Fern)
67%
Painting (Fighters)
67%
Painting (Finding)
67%
Painting (Graham)
67%
Painting (Humble)
67%
Painting (Kebab med tre pepperoni)
67%
Painting (Kong)
67%
Painting (Lowmist)
67%
Painting (Match)
67%
Painting (Meditative)
67%
Painting (Mortal Coil)
67%
Painting (Orb)
67%
Painting (Owlemons)
67%
Painting (Paradisträd)
67%
Painting (Passage)
67%
Painting (Pigscene)
67%
Painting (Pointer)
67%
Painting (Pond)
67%
Painting (Prairie Ride)
67%
Painting (Random variant)
67%
Painting (Seaside)
67%
Painting (Skull and Roses)
67%
Painting (Skull On Fire)
67%
Painting (Sunflowers)
67%
Painting (sunset_dense)
67%
Painting (Target Successfully Bombed)
67%
Painting (The Pool)
67%
Painting (The Stage Is Set)
67%
Painting (The void)
67%
Painting (Tides)
67%
Painting (Unpacked)
67%
Painting (Wanderer)
67%
Painting (Wasteland)
67%
Painting (Wither)
67%
Shulker Box
67%
Stonecutter
67%
Torch
67%
Acacia Hanging Sign
62%
Acacia Sign
62%
Birch Hanging Sign
62%
Birch Sign
62%
Bookshelf
62%
Cauldron
62%
Cherry Hanging Sign
62%
Cherry Sign
62%
Dark Oak Hanging Sign
62%
Dark Oak Sign
62%
Enchanting Table
62%
Green Shulker Box
62%
Grindstone
62%
Oak Hanging Sign
62%
Oak Sign
62%
Red Shulker Box
62%
Soul Campfire
62%
Soul Lantern
62%
Soul Torch
62%
Spruce Hanging Sign
62%
Spruce Sign
62%
Bamboo Hanging Sign
57%
Bamboo Sign
57%
Black Shulker Box
57%
Blue Shulker Box
57%
Brown Shulker Box
57%
Cyan Shulker Box
57%
Gray Shulker Box
57%
Item Frame
57%
Jungle Sign
57%
Light Blue Shulker Box
57%
Light Gray Shulker Box
57%
Lime Shulker Box
57%
Magenta Shulker Box
57%
Mangrove Hanging Sign
57%
Mangrove Sign
57%
Orange Shulker Box
57%
Pink Shulker Box
57%
Purple Shulker Box
57%
Red Bed
57%
Sea Lantern
57%
White Bed
57%
White Shulker Box
57%
Yellow Shulker Box
57%
Black Banner
52%
Black Bed
52%
Blue Banner
52%
Blue Bed
52%
Brown Banner
52%
Brown Bed
52%
Cyan Banner
52%
Cyan Bed
52%
Glowstone
52%
Gray Banner
52%
Gray Bed
52%
Green Banner
52%
Green Bed
52%
Jukebox
52%
Jungle Hanging Sign
52%
Light Blue Banner
52%
Light Blue Bed
52%
Light Gray Banner
52%
Light Gray Bed
52%
Lime Banner
52%
Lime Bed
52%
Magenta Banner
52%
Magenta Bed
52%
Note Block
52%
Orange Banner
52%
Orange Bed
52%
Pink Banner
52%
Pink Bed
52%
Purple Banner
52%
Purple Bed
52%
Red Banner
52%
Redstone Torch
52%
White Banner
52%
Yellow Banner
52%
Yellow Bed
52%
Beacon
48%
Bell
48%
Candle
48%
Conduit
48%
Creeper Head
48%
Crimson Hanging Sign
48%
Crimson Sign
48%
Flower Pot
48%
Glow Item Frame
48%
Player Head
48%
Redstone Lamp
48%
Skeleton Skull
48%
Warped Hanging Sign
48%
Warped Sign
48%
Wither Skeleton Skull
48%
Zombie Head
48%
Armor Stand
43%
Black Candle
43%
Blue Candle
43%
Brown Candle
43%
Chipped Anvil
43%
Copper Bulb
43%
Cyan Candle
43%
Damaged Anvil
43%
Dragon Head
43%
End Portal Frame
43%
Gray Candle
43%
Green Candle
43%
Light Blue Candle
43%
Light Gray Candle
43%
Lime Candle
43%
Lodestone
43%
Magenta Candle
43%
Orange Candle
43%
Oxidized Copper Bulb
43%
Piglin Head
43%
Pink Candle
43%
Purple Candle
43%
Red Candle
43%
Respawn Anchor
43%
Shroomlight
43%
White Candle
43%
Yellow Candle
43%
Beehive
38%
Bee Nest
38%
Chain
38%
Decorated Pot
38%
End Rod
38%
Ladder
38%
Suspicious Gravel
38%
Suspicious Sand
38%
Waxed Copper Bulb
38%
Waxed Oxidized Copper Bulb
38%
Waxed Weathered Copper Bulb
38%
Weathered Copper Bulb
38%
Exposed Copper Bulb
33%
Lightning Rod
33%
Magma Block
33%
Ochre Froglight
33%
Waxed Exposed Copper Bulb
33%
Dragon Egg
24%
End Crystal
24%
Eye of Ender
24%
Glow Lichen
24%
Ominous Banner
24%
Vault
24%
Crying Obsidian
19%
Pearlescent Froglight
19%
Scaffolding
19%
Tinted Glass
19%
Infested Cobblestone
14%
Infested Deepslate
14%
Infested Mossy Stone Bricks
14%
Infested Stone
14%
Infested Stone Bricks
14%
Verdant Froglight
14%
Infested Chiseled Stone Bricks
10%
Infested Cracked Stone Bricks
10%
No matching quizzes found
Score Distribution
Percent of People with Each Score
Percentile by Number Answered
Your Score History
You have not taken this quiz since the last reset